| 000 | 00589nam a2200121Ia 4500 | ||
|---|---|---|---|
| 008 | 220615s9999||||xx |||||||||||||| ||und|| | ||
| 100 | _aNakamura, Teiji | ||
| 245 | 0 | _aJapan Nutrition | |
| 546 | _aEnglish[eng] | ||
| 650 | _aMalnutrition||Nutrition policy||Dietitian and nutritionist||International nutrition||Double load of malnutrition||Hospital diets||Healthy longevity and nutrition||Human nutrition||SDGs and nutrition||COVID-19 and nutrition||Open Access||DeepL auto-translation | ||
| 856 | _uhttps://library.oapen.org/bitstream/20.500.12657/51915/1/978-981-16-6316-1.pdf | ||
| 942 | _cEB | ||
| 999 |
_c8280 _d8280 |
||